| 000 | 00647cam a2200217 a 4500 | ||
|---|---|---|---|
| 001 | 12004492 | ||
| 005 | 20250115184935.0 | ||
| 008 | 000511s2000 txua b 001 0 eng | ||
| 020 | _a003025972X | ||
| 020 | _a9780030259722 | ||
| 050 | 0 | 0 |
_aHF5549 _b.H33827 2000 |
| 082 | 0 | 0 |
_a658.3 _221 |
| 100 | 1 | _aHarris, Michael M. | |
| 245 | 1 | 0 |
_aHuman resource management : _ba practical approach / _cMichael Harris. |
| 250 | _a2nd ed. | ||
| 260 |
_aFort Worth : _bDryden Press, _cc2000. |
||
| 300 |
_axxx, 528 p. : _bill. ; _c26 cm. |
||
| 440 | 4 | _aThe Dryden Press series in management | |
| 650 | 0 | _aPersonnel management. | |
| 942 |
_2lcc _cBK _e2nd Ed. _n0 |
||
| 999 |
_c2580 _d2580 |
||